00346nam a2200133Ia 4500008004100000041000800041082001800049100002200067245002700089250000800116260005300124300001400177999002100191231228s2011 xx 000 0 und d aeng a658.1511bJIA aJIAMBALVO (James) aManagerial Accounting. a2nd aNew DelhibWiley India Pvt. Ltd. New Delhic2011 aviii, 512 c1094488d1094488